000 00628nam a2200205Ii 4500
003 JO-AjNU
008 230605s9999||||xx |||||||||||||| ||und||
040 _aJO-AjNU
_bara
_erda
_cJO-AjNU
041 _aara
050 1 4 _aPJ7820 1991
100 3 _aمال الله، زكية,
_eauthor
_952093
245 0 0 _aمن أسفار الذات
250 _aط1
264 3 1 _aالدوحة: المؤلف، 1991
300 _a128ص
336 _atext
_btxt
_2rdacontent
337 _aunmediated
_bn
_2rdamedia
338 _avolume
_bnc
_2rdacarrier
650 4 _aالادب العربي - الشعر الحديث - القرن 20
_952094
999 _aA23055
_c26623
_d26623